000 00418nam a2200157Ia 4500
003 0
005 20250428101858.0
008 171205s9999 xx 000 0 und d
020 _a9789712727672
050 _aDS 674
_b.Oc15 2012
100 _aOcampo, Ambeth R.
245 _cAmbeth R. Ocampo
_aPrehistoric Philippines Looking Back 6
260 _bAnvil Publishing, Inc
_c2012
300 _a92 pages
942 _2lcc
_cBK
999 _c347371
_d347371